4 letter words in city names in the Americas and Europe Version 1 - Statistics

General Stats
  • This quiz has been taken 15 times
  • The average score is 11 of 15
Answer Stats
Country 4 letter word Answer % Correct
United Kingdom live Liverpool
93%
Canada real Montreal
93%
Germany over Hanover
87%
France mars Marseille
87%
Italy pale Palermo
87%
United States of America seat Seattle
87%
Colombia cart Cartagena
80%
Brazil fort Fortaleza
80%
Sweden then Gothenburg
80%
Argentina cord Cordoba
73%
Poland claw Wroclaw
73%
Romania hare Bucharest
67%
Ukraine done Donetsk
67%
Mexico sill Hermosillo
60%
Peru quit Iquitos
20%
No matching quizzes found
Score Distribution
Percent of People with Each Score
Percentile by Number Answered
Your Score History
You have not taken this quiz